000 00428nam a22001817a 4500
003 koha_MIRAKIL
005 20231213065316.0
008 231213b |||||||| |||| 00| 0 ||| d
020 _b978-1-904720-25-6
040 _aTR-IsEVY
_btur
_cTR-IsEVY
082 _a420 BED/C
100 _aBEDDALL, FİONA.
245 0 _aCATWOMAN.
260 _bSCHOLASTIC,
_c2005
300 _a64.
650 _aİngiliz Dili.
942 _2ddc
_cBK
999 _c1463
_d1463